| 000 | 00907nam a2200265 a 4500 | ||
|---|---|---|---|
| 001 | 000002992 | ||
| 003 | DO-SdBNP | ||
| 005 | 20250211094044.0 | ||
| 007 | ta | ||
| 008 | 090706s2001 dr b 001 0 spa d | ||
| 020 | _a9993435163 | ||
| 040 |
_aDO-SdBNP _bspa _cBNPHU |
||
| 082 | 4 |
_a342.729303 _bP965 _222 |
|
| 245 | 0 | 0 | _aPropuestas de reforma constitucional |
| 260 |
_aSanto Domingo : _bCONARE, _c2001. |
||
| 300 |
_a120 p. ; _c22 cm. |
||
| 590 | _aInventariado, 2022 / DG | ||
| 650 | 4 |
_aReforma del estado _zRepública Dominicana _99500 |
|
| 651 | 4 |
_aRepública Dominicana _xDerecho Constitucional _99303 |
|
| 651 | 4 |
_aRepública Dominicana _xReformas Constitucionales _xLegislación _99501 |
|
| 700 | 1 |
_eed. _a Mejía-Ricart G., Tirso, _d1936-2021 _q(Mejía-Ricart Guzmán) _91569 |
|
| 710 | 1 |
_aRepública Dominicana. Consejo Nacional de Reforma del Estado _964396 |
|
| 910 | _aDG | ||
| 942 |
_2ddc _cLBS1 |
||
| 999 |
_c51855 _d51855 |
||